000 00295nam a22001337a 4500
003 SGT
082 _a618.92
_bC04C
100 _aCHANG, CATHERINE M.
245 _aCHILDREN'S LITERARY DEVELOPMENT
260 _aLONDON
_bARNALD
_c2004
300 _a202
650 _aDEVELOPMENT
942 _2ddc
_cBK
999 _c10467
_d10467